00303nam a2200121Ia 4500008004100000100002300041245005100064260002200115300000800137650001200145942000700157999001700164190216s9999||||xx |||||||||||||| ||und|| aJoshi Deep Chandra 0aQuantum Electro Dynamics And Practical Physics bI.K.International a550 aPhysics cBK c34134d34134